Xây dựng hệ thống bài tập và hướng dẫn giải bài tập định tính phần "Cơ học" vật lý lớp 8 theo hướng gắn với thực tế nhằm tạo hứng thú học tập cho học sinh
Cơ sở lý luận và thực tiễn của các vấn đề về bài tập vật lí nói chung, bài tập định tính nói riêng trong dạy học vật lí. Phương thức xây dựng, biên soạn và sử dụng bài tập định tính phần “cơ học” vật lí lớp 8 theo hướng gắn với thực tế và nội dung bài tập....
Đã lưu trong:
| Tác giả chính: | |
|---|---|
| Tác giả khác: | |
| Định dạng: | Sách |
| Ngôn ngữ: | Vietnamese |
| Được phát hành: |
Hà nội
Đại học Quốc gia Hà Nội - Trường ĐH Giáo dục
2013
|
| Những chủ đề: | |
| Các nhãn: |
Thêm thẻ
Không có thẻ, Là người đầu tiên thẻ bản ghi này!
|
| Thư viện lưu trữ: | Mạng thư viện Đại học Đà Nẵng |
|---|
| LEADER | 02013nam a2200373 4500 | ||
|---|---|---|---|
| 001 | 000020373 | ||
| 003 | 16818 | ||
| 005 | 20150317080349.0 | ||
| 008 | 150317s2013 viesd | ||
| 041 | |a vie | ||
| 082 | 1 | 4 | |a 531.1076 |b NG-N |
| 100 | |a Nguyễn Vĩnh Nam | ||
| 245 | 1 | |a Xây dựng hệ thống bài tập và hướng dẫn giải bài tập định tính phần "Cơ học" vật lý lớp 8 theo hướng gắn với thực tế nhằm tạo hứng thú học tập cho học sinh |c Nguyễn Vĩnh Nam ; Nguyễn Huy Sinh hướng dẫn. |k Luận văn Thạc sĩ | |
| 260 | |a Hà nội |b Đại học Quốc gia Hà Nội - Trường ĐH Giáo dục |c 2013 | ||
| 300 | |a 100 tr. |c 29 cm. | ||
| 500 | |a Luận văn thạc sĩ Khoa học. Chuyên ngành: Lý luận và phương pháp dạy học ( bộ môn Vật Lý). Mã số: 60.14.10 | ||
| 520 | |a Cơ sở lý luận và thực tiễn của các vấn đề về bài tập vật lí nói chung, bài tập định tính nói riêng trong dạy học vật lí. Phương thức xây dựng, biên soạn và sử dụng bài tập định tính phần “cơ học” vật lí lớp 8 theo hướng gắn với thực tế và nội dung bài tập. | ||
| 650 | 0 | 4 | |a Cơ học |v Luận văn tôt nghiệp |x Hệ thống bài tập |
| 653 | |a Vật lý 8 | ||
| 653 | |a Phương pháp dạy học | ||
| 653 | |a Phướng pháp dạy học môn Lý | ||
| 653 | |a Cơ học | ||
| 653 | |a Giáo dục THCS | ||
| 700 | 1 | |a Nguyễn Huy Sinh |c GS.TS |e Hướng dẫn | |
| OWN | |a LSP | ||
| AVA | |a UDN50 |b LSP |d 531.1076 NG-N |e available |t Error 5001 Not defined in file expand_doc_bib_avail. |f 1 |g 0 |h N |i 0 |k 1 | ||
| 999 | |a From the UDN01 | ||
| AVA | |a UDN50 |b LSP |d 531.1076 NG-N |e available |t Error 5001 Not defined in file expand_doc_bib_avail. |f 1 |g 0 |h N |i 0 |k 1 | ||
| TYP | |a Monograph | ||
| TYP | |a Printed language | ||
| 980 | |a Mạng thư viện Đại học Đà Nẵng | ||